| 000 | 01556cam a22004454i 4500 | ||
|---|---|---|---|
| 003 | PE-LiUPU | ||
| 005 | 20250731173132.0 | ||
| 008 | 150623s1990 miu r 000 0 spa d | ||
| 020 | _a8472280993 | ||
| 035 | _a(Sirsi) i9788472280991 | ||
| 040 |
_aPE-LiUPU _bspa _cPE-LiUPU _erda |
||
| 049 | _aPRUA | ||
| 082 | 0 | 4 |
_a284.2 _bH74 _221 |
| 245 | 0 | 0 |
_aJuan Calvino profeta contemporáneo : _bantología ordenada por temas / _cJacob T. Hoogstra, comp. |
| 264 | 1 |
_aGrand Rapids, Mich. : _bTself, _c1990. |
|
| 300 |
_a262 páginas ; _c21 centímetros |
||
| 336 |
_atext _2rdacontent |
||
| 337 |
_aunmediated _2rdamedia |
||
| 338 |
_avolume _2rdacarrier |
||
| 505 | 0 | _aLa humanidad del prefeta -- La pluma del profeta -- La importancia del profeta. | |
| 526 | _aSEG42 | ||
| 526 | _aSEG41 | ||
| 526 | _aSEG40 | ||
| 526 | _aSEG39 | ||
| 526 | _aP94 | ||
| 526 | _aP87 | ||
| 526 | _aP86 | ||
| 526 | _aP85 | ||
| 526 | _aP77 | ||
| 526 | _aP76 | ||
| 526 | _aP35 | ||
| 600 | 0 | 0 |
_aCalvino, Juan, _d1509-1564. |
| 700 | 1 |
_aHoogstra, Jacob Tunis, _d1900, _ecomp. |
|
| 942 |
_2ddc _cBOOK |
||
| 949 |
_a284.2 H74 _wDEWEY _c1 _i53014 _d2016-11-4 _e2016-11-2 _lCCODEBUL1 _mBUL _n1 _p6.50 _r0 _sY _tBOOK _u2015-6-24 _xTEOLOGIA _PP35 _0COMPRA _o.STAFF. Colección General |
||
| 994 |
_aC0 _bPEPRU |
||
| 596 | _a1 | ||
| 999 |
_a284.2 H74 _wDEWEY _c33766 _i53014 _d33766 _e2017-11-15 _f2021-11-11 _g8 _lCCODEBUL1 _mBUL _n2 _p6.50 _q3 _r0 _sY _tBOOK _u2015-6-24 _xTEOLOGIA _PP35 _0COMPRA _o.STAFF. Colección Teología |
||
| 980 |
_81 _gALBERTO SANCHEZ Responsable de Automatización |
||